00736 a2200193 45000010006000000050017000060080041000230030015000640400040000790800022001192450051001412640035001923000019002275050228002460410008004741000022004827000021005047000017005254189320260407155709.0260407a1973 arg spa dAR-UNSa-BCEJYS aAR-UNSa-BCEJYSbspacAR-UNSa-BCEJYS a316xSociología10aSociologíapuna introducción sistemática 1aBuenos Aires :bPaidósc1973 a734 p.c23 cm. a1. El marco de referencia - 2. Cultura y socialización - 3. Sistemas y grupos de parentesco - 4. Economía - 5. Constitución política - 6. Religión - 7. Estratificación - 8. Desviación social y cambio social -  aspa1 aJohnson, Harry M.1 aKestelboim, Emma1 aTopf, José